| 000 | 00995nam a2200301 4500 | ||
|---|---|---|---|
| 003 | EC-UNACH | ||
| 005 | 20260304170229.0 | ||
| 006 | s||||gr|||| 00| 00 | ||
| 008 | 150116t9999 mx r gr 000 0 spa d | ||
| 020 | _a9788427713994 | ||
| 040 |
_aEC-UNACH _cEC-UNACH |
||
| 041 | _aspa | ||
| 082 | 0 | 4 |
_223 _a378.1 _bL022972 |
| 110 | _aNarcea | ||
| 245 | _aCompetencias docentes del profesorado universitario calidad y desarrollo profesional | ||
| 250 | _aSegunda edición | ||
| 264 |
_aEspaña _bNarcea _c2011 |
||
| 300 | _a229 paginas | ||
| 505 | _a 1. Currículo formativo en la universidad 2. La enseñanza universitaria 3. Calidad de la docencia universitaria 4. Bibliografía | ||
| 650 | _aPLANES DE ESTUDIO | ||
| 650 | _aIMPORTANCIA DE LA DOCENCIA | ||
| 650 | _aCALIDAD DE LA DOCENCIA UNIVERSITARIA | ||
| 700 | _aMiguel Ángel Zabalza | ||
| 942 |
_2ddc _c1 |
||
| 999 | _c14376 | ||